000 00799nam a2200265Ia 4500
003 OSt
005 20221005042536.0
006 a|||||r|||| 00| 0
007 ta
008 221004b |||||||| |||| 00| 0 eng d
020 _a8189537547 (hbk)
_c1100
024 _a97806
037 _b115, 14/09/2009, Pioneer Books Distributors
_cTextual
040 _aCRL
_cCRL
_beng
041 _2eng
_aeng
082 _aY15:7(D65,8(B)), P9
100 _aSharma Aruna Ed.
_9590549
245 0 _aICTs and women empowerment
260 _aDelhi
_bYash Publications India
_c2009
300 _a350p.
_ccm.
650 _a WOMEN
650 _aSOCIOLOGY
942 _hY15:7(D65,8(B)), P9
_cTEXL
_2cc
999 _c950378
_d950378